000 00812nam a2200229Ia 4500
001 21762
005 20260407135100.0
008 260320s9999||||xx |||||||||||||| ||und||
020 _a9781952914058
041 _aING
082 _a540
_bN96
110 _aNurseEdu.com
245 0 _aChemistry made easy :
_ban illustrated study guide for students to easily learn chemistry
260 _a[Lugar de publicación no identificado]
_bNurseEdu.com
_c[2021]
300 _a206 páginas :
_bilustraciones, tablas ;
_c28 cm.
500 _a(Año: [2021] tomado deL catálogo WorldCat)
650 _aTCA
653 _aQuímica - Estudio y enseñanza
654 _aCHU
856 _uhttps://ebooks7-24-com.ucsp.lookproxy.com/stage.aspx?il=&pg=&ed=
_zVéase además: Base de datos Ebook7-24
942 _cLIB
_dJUS
_fMAT
_2ddc
999 _c21762
_d21762